02667cam a22003378a 45000010009000000050017000090080041000260100015000670200031000820200015001130350020001280400028001480820020001761000023001962450065002192500012002842600099002963000042003955000026004375000025004635040041004885050781005295050724013106500029020346530023020636550024020867000025021109420020021359990017021559520157021721700114220141111153252.0111012t2013 xxua frb 001 0 eng d a2011042535 a9781605470283 (alk. paper) a1605470287 a(DNLM)101570916 aDNLM/DLCcDLCdEG-ScBUE00a618.92222bKYL1 aKyle, Terri91996910aEssentials of pediatric nursing /cTerri Kyle, Susan Carman. a2nd ed. aPhiladelphia, United States :bWolters Kluwer / Lippincott Williams & Wilkins Health,cc.2013. axli, 1219 p. :bill. (col.) ;c29 cm. aIndex : p. 1191-1219. aIncludes appendixes. aIncludes bibliographical references.0 aIntroduction to child health and pediatric nursing-Factors influencing child health-Growth and development of the newborn and infant-Growth and development of the toddler-Growth and development of the preschooler-Growth and development of the school-age child-Growth and development of the adolescent-Atraumatic and family-centered care of children-Health supervision-Health assessment of children-Caring for children in diverse settings-Caring for the special needs child-Key pediatric nursing interventions-Pain management in children-Nursing care of the child with an infectious or communicable disorder-Nursing care of the child with a neurologic disorder-Nursing care of the child with a disorder of the eyes or ears-Nursing care of the child with a respiratory disorder-0 aNursing care of the child with a cardiovascular disorder-Nursing care of the child with a gastrointestinal disorder-Nursing care of the child with a genitourinary disorder-Nursing care of the child with a neuromuscular disorder-Nursing care of the child with a musculoskeletal disorder-Nursing care of the child with an integumentary disorder-Nursing care of the child with a hematologic disorder-Nursing care of the child with an immunologic disorder-Nursing care of the child with an endocrine disorder-Nursing care of the child with a neoplastic disorder-Nursing care of the child with a genetic disorder-Nursing care of the child with a cognitive or mental health disorder-Nursing care during a pediatric emergency. 0aPediatric nursing919967 bNNURcNovember2014 vreading book9342321 aCarman, Susan932495 2ddck618.92 KYL c18600d18572 00102ddc40708BaccahaMAINbMAINc1STd2014-11-11epurchaseg635.00h20677l4m71o618.92 KYLp000036980r2025-07-15 00:00:00s2019-10-15v793.75yBB